Find the odd logo out #2 - Statistics

General Stats
  • This quiz has been taken 60 times
  • The average score is 8 of 10
Answer Stats
Question Answer % Correct
Google products
100%
Car manufacturers
100%
Athleisure and outdoor wear manufacturers
92%
American Universities
92%
Headphone brands
92%
Donut producers
92%
Brands originated from the USA
69%
Sports Networks
69%
European football leagues
62%
Watch makers
62%
No matching quizzes found
Score Distribution
Percent of People with Each Score
Percentile by Number Answered
Your Score History
You have not taken this quiz